[Event "2MCR_3DE_1L_3S"]
[Site "?"]
[Date "2007.??.??"]
[Round "?"]
[White "Krouzel, Jaroslav"]
[Black "Janocko, Petr"]
[Result "1-0"]
[WhiteElo "2303"]
[BlackElo "2200"]
[Annotator "064"]
[PlyCount "71"]
[EventDate "2007.??.??"]
[EventType "corr"]
[EventRounds "1"]
[SourceDate "2007.01.28"]

1. d4 Nf6 2. c4 e6 3. Nc3 Bb4 4. Bg5 c5 5. d5 h6 6. Bh4 Bxc3+ 7. bxc3 d6 8. e3
e5 9. f3 e4 10. f4 g5 11. Bg3 Qe7 12. Be2 gxf4 13. Bxf4 Rg8 14. g3 Nbd7 15. Nh3
Ne5 16. Nf2 Bf5 17. Qa4+ Kd8 18. Bxh6 Nf3+ 19. Bxf3 exf3 20. Qd1 Ng4 21. Nxg4
Bxg4 22. Qc2 Rh8 23. Bf4 Bh3 24. Rg1 Qf6 25. g4 Kc7 26. Rb1 Qe7 27. Kf2 Qd7 28.
Qb2 b6 29. Qb5 Bg2 30. Qxd7+ Kxd7 31. a4 Rab8 32. g5 Rhe8 33. h4 Rh8 34. Kg3
Ke7 35. a5 Kd7 36. axb6 1-0

[Event "2MCR_3DE_1L_1S"]
[Site "?"]
[Date "2007.??.??"]
[Round "?"]
[White "Ryvova, Anna"]
[Black "Zahour, Jiri"]
[Result "1-0"]
[WhiteElo "2254"]
[BlackElo "2307"]
[Annotator "064"]
[PlyCount "95"]
[EventDate "2007.??.??"]
[EventType "corr"]
[EventRounds "1"]
[SourceDate "2007.01.28"]

1. d4 Nf6 2. c4 g6 3. Nf3 d5 4. cxd5 Nxd5 5. e4 Nb6 6. h3 Bg7 7. Nc3 O-O 8. Be2
Nc6 9. Be3 f5 10. exf5 Rxf5 11. Bd3 Rf8 12. Qb3+ Kh8 13. O-O-O Qd6 14. d5 Ne5
15. Nxe5 Bxe5 16. Rhe1 a5 17. Qc2 Bd7 18. Ne4 Qxd5 19. Nc3 Qc6 20. Bb5 Bf5 21.
Qd2 Bxc3 22. Bd4+ Bxd4+ 23. Bxc6 Bf6 24. Be4 Nc4 25. Qd5 Nxb2 26. Rd2 c6 27.
Qb3 a4 28. Qb4 c5 29. Qb5 a3 30. Bxf5 gxf5 31. Rd7 Ra4 32. Rexe7 Bxe7 33. Rxe7
Rd8 34. Re8+ Rxe8 35. Qxe8+ Kg7 36. Qe7+ Kg6 37. h4 h6 38. Qe6+ Kg7 39. h5 Rg4
40. Qxf5 Rg5 41. Qd7+ Kh8 42. Kc2 c4 43. Qc8+ Rg8 44. Qxb7 Nd3 45. Qb6 Kh7 46.
Qe6 Rg7 47. Kc3 Nb2 48. g4 1-0

[Event "2MCR_3DE_1L_3S"]
[Site "?"]
[Date "2007.??.??"]
[Round "?"]
[White "Cakl, Zdenek"]
[Black "Riha, Jan"]
[Result "1/2-1/2"]
[WhiteElo "2137"]
[BlackElo "2277"]
[Annotator "065"]
[PlyCount "64"]
[EventDate "2007.??.??"]
[EventType "corr"]
[EventRounds "1"]
[SourceDate "2007.01.28"]

1. Nf3 Nf6 2. b3 g6 3. Bb2 Bg7 4. e3 d6 5. Be2 O-O 6. O-O e5 7. d4 e4 8. Nfd2
Re8 9. c4 Nbd7 10. Nc3 Nf8 11. Qc2 Bf5 12. b4 h5 13. a4 a6 14. a5 h4 15. h3 Ne6
16. Nb3 Ng5 17. Rfc1 Qd7 18. Qd1 c6 19. Bf1 d5 20. cxd5 Nxd5 21. Nxd5 Qxd5 22.
Be2 Rab8 23. Nc5 Qd8 24. Bc4 Qe7 25. Rab1 Rbd8 26. Qb3 Qc7 27. d5 Bxb2 28. Qxb2
cxd5 29. Bxa6 bxa6 30. Nxe4 Qe5 31. Nf6+ Kf8 32. Nxe8 d4 1/2-1/2

[Event "2MCR_3DE_1L_2S"]
[Site "?"]
[Date "2007.??.??"]
[Round "?"]
[White "Prochazka, Dalibor"]
[Black "Popelka, Miloslav"]
[Result "1/2-1/2"]
[WhiteElo "2200"]
[BlackElo "2147"]
[Annotator "071"]
[PlyCount "59"]
[EventDate "2007.??.??"]
[EventType "corr"]
[EventRounds "1"]
[SourceDate "2007.01.28"]

1. e4 c5 2. Nf3 d6 3. d4 cxd4 4. Nxd4 Nf6 5. Nc3 a6 6. Bg5 e6 7. f4 Qb6 8. Nb3
Nbd7 9. Be2 Be7 10. Qd3 Qc7 11. Bf3 h6 12. Bxf6 Nxf6 13. O-O-O e5 14. f5 h5 15.
Kb1 b5 16. a3 Bb7 17. Nd2 Rc8 18. Nf1 Qc4 19. Ne3 Qxd3 20. Rxd3 g5 21. h3 Rg8
22. Ncd5 Nxd5 23. Nxd5 g4 24. hxg4 hxg4 25. Bd1 Rc4 26. f6 Bf8 27. Re1 Rg6 28.
c3 Bxd5 29. Rxd5 Rxf6 30. Bxg4 1/2-1/2

[Event "2MCR_3DE_1L_1S"]
[Site "?"]
[Date "2007.??.??"]
[Round "?"]
[White "Toman, Antonin"]
[Black "Contos, Vaclav"]
[Result "1/2-1/2"]
[WhiteElo "2271"]
[BlackElo "2200"]
[Annotator "065"]
[PlyCount "88"]
[EventDate "2007.??.??"]
[EventType "corr"]
[EventRounds "1"]
[SourceDate "2007.01.28"]

1. e4 c5 2. b3 Nc6 3. Bb2 e6 4. Bb5 Nf6 5. Bxc6 bxc6 6. d3 d6 7. Ne2 e5 8. O-O
Be7 9. Nd2 O-O 10. Ng3 Ng4 11. h3 Nh6 12. f4 exf4 13. Nh5 f6 14. Nxf4 Nf7 15.
Qe2 Ne5 16. Rae1 Rb8 17. a3 Qd7 18. Nh5 Bd8 19. Nc4 Ba6 20. Ne3 g6 21. Nf4 Ba5
22. Rd1 Rbe8 23. Qf2 Qg7 24. Qg3 Bc8 25. Rf2 h5 26. h4 Bc7 27. Re1 Ng4 28. Rff1
Qh7 29. Nxg4 Bxg4 30. Qf2 Ba5 31. c3 Qf7 32. b4 Bb6 33. bxc5 Bxc5 34. d4 Bb6
35. a4 Bc7 36. Nd3 Re7 37. Bc1 Qc4 38. Qc2 Ba5 39. Bd2 Rff7 40. Nb2 Qa2 41. Ra1
Qe6 42. Rae1 Qa2 43. Ra1 Qe6 44. Rae1 Qa2 1/2-1/2

[Event "2MCR_3DE_1L_3S"]
[Site "?"]
[Date "2007.??.??"]
[Round "?"]
[White "Riha, Jan"]
[Black "Sykora, Josef"]
[Result "1-0"]
[WhiteElo "2277"]
[BlackElo "2365"]
[Annotator "066"]
[PlyCount "81"]
[EventDate "2007.??.??"]
[EventType "corr"]
[EventRounds "1"]
[SourceDate "2007.01.28"]

1. e4 c5 2. Nf3 Nc6 3. Bb5 g6 4. O-O Bg7 5. c3 Nf6 6. Re1 O-O 7. h3 Qb6 8. Ba4
d5 9. e5 Ne8 10. d4 cxd4 11. cxd4 Nc7 12. Nc3 h6 13. Bc2 Nb4 14. Bb1 Nc6 15.
Na4 Qa5 16. Bd2 Qa6 17. Be3 b6 18. Bd3 Qb7 19. Rc1 Bd7 20. Nc3 Rac8 21. Ne2 Ne6
22. Qd2 h5 23. Nh4 Bh8 24. Rf1 Ng7 25. f4 e6 26. g4 Na5 27. f5 exf5 28. gxf5
Nc4 29. Bxc4 Rxc4 30. Rxc4 dxc4 31. Ng3 Bxf5 32. Nhxf5 gxf5 33. Bg5 Qd7 34. Bf6
f4 35. Rxf4 Qxh3 36. Qe3 Qd7 37. Qf3 c3 38. bxc3 Rc8 39. Nf5 Rxc3 40. Qxc3 Nxf5
41. Qh3 1-0

[Event "2MCR_3DE_1L_1S"]
[Site "?"]
[Date "2007.??.??"]
[Round "?"]
[White "Straka, Zdenek"]
[Black "Novak, Vratislav"]
[Result "1-0"]
[WhiteElo "2398"]
[BlackElo "2292"]
[Annotator "066"]
[PlyCount "131"]
[EventDate "2007.??.??"]
[EventType "corr"]
[EventRounds "1"]
[SourceDate "2007.01.28"]

1. e4 e5 2. Nf3 Nc6 3. Bb5 a6 4. Ba4 Nf6 5. O-O Be7 6. Re1 b5 7. Bb3 d6 8. c3
O-O 9. h3 Bb7 10. d4 Re8 11. Nbd2 Bf8 12. d5 Nb8 13. Nf1 Nbd7 14. N3h2 h6 15.
Ng4 Nxg4 16. Qxg4 Nf6 17. Qg3 g6 18. a4 Bg7 19. Nh2 Qd7 20. Ng4 Nh5 21. Qf3 Kh7
22. Ne3 Rf8 23. Bc2 Nf6 24. Ng4 Nxg4 25. hxg4 c6 26. Be3 cxd5 27. exd5 Kg8 28.
Ra3 Rfb8 29. Rea1 Rc8 30. Be4 Re8 31. Qd1 Rec8 32. f3 Rf8 33. axb5 axb5 34. Qb3
Rxa3 35. Rxa3 f5 36. gxf5 gxf5 37. Bd3 Qe7 38. Bf1 f4 39. Bf2 e4 40. fxe4 f3
41. Qxb5 Qxe4 42. Ra4 Qf5 43. g3 Bxd5 44. Ra5 Be4 45. Qxf5 Rxf5 46. Rxf5 Bxf5
47. Bc4+ Kf8 48. Bd5 Be5 49. Bxf3 Ke7 50. g4 Bd3 51. Be3 Bg7 52. Kf2 Bc4 53.
Ke1 Ke6 54. Kd2 d5 55. Be2 Bb3 56. Bd1 Bc4 57. Bc2 Kd6 58. b3 Bb5 59. Bd3 Bd7
60. Be2 Bc8 61. b4 Bd7 62. b5 Kc7 63. Kc2 Be8 64. Kb3 Bg6 65. c4 Bf7 66. b6+
1-0

[Event "2MCR_3DE_1L_3S"]
[Site "?"]
[Date "2007.??.??"]
[Round "?"]
[White "Pytlik, Lesek"]
[Black "Cakl, Zdenek"]
[Result "1/2-1/2"]
[WhiteElo "2382"]
[BlackElo "2137"]
[Annotator "067"]
[PlyCount "76"]
[EventDate "2007.??.??"]
[EventType "corr"]
[EventRounds "1"]
[SourceDate "2007.01.28"]

1. e4 c5 2. Nf3 Nc6 3. Bb5 g6 4. Bxc6 dxc6 5. d3 Bg7 6. h3 Nf6 7. Nc3 Nd7 8.
Be3 e5 9. Qd2 h6 10. O-O Qe7 11. Nh2 Nf8 12. f4 exf4 13. Bxf4 Ne6 14. Bg3 Qg5
15. Qe1 Nd4 16. Qf2 O-O 17. Bd6 Bxh3 18. Bf4 Qxg2+ 19. Qxg2 Bxg2 20. Kxg2 Nxc2
21. Rad1 Rad8 22. Rd2 Nd4 23. e5 Ne6 24. Bg3 c4 25. Rfd1 cxd3 26. Rxd3 Rxd3 27.
Rxd3 f5 28. exf6 Rxf6 29. Nf3 g5 30. b3 Nc5 31. Re3 Re6 32. Rxe6 Nxe6 33. Ne4
Kh7 34. Nd6 b5 35. Ne5 Bxe5 36. Bxe5 a6 37. Nf5 c5 38. Ne7 h5 1/2-1/2

[Event "2MCR_3DE_1L_2S"]
[Site "?"]
[Date "2007.??.??"]
[Round "?"]
[White "Alexa, Jaroslav"]
[Black "Prochazka, Dalibor"]
[Result "1-0"]
[WhiteElo "2374"]
[BlackElo "2200"]
[Annotator "072"]
[PlyCount "89"]
[EventDate "2007.??.??"]
[EventType "corr"]
[EventRounds "1"]
[SourceDate "2007.01.28"]

1. e4 c5 2. Nf3 Nc6 3. d4 cxd4 4. Nxd4 Nf6 5. Nc3 e5 6. Ndb5 d6 7. Bg5 a6 8.
Na3 b5 9. Bxf6 gxf6 10. Nd5 Bg7 11. Bd3 Ne7 12. Nxe7 Qxe7 13. O-O O-O 14. c4 f5
15. Qf3 Re8 16. Rfe1 b4 17. Nc2 f4 18. Nxb4 Rb8 19. Nd5 Qg5 20. Be2 f5 21. Qh5
Qg6 22. exf5 Bxf5 23. b3 e4 24. Rac1 e3 25. Qh4 Be4 26. Nxf4 exf2+ 27. Qxf2 Qf5
28. Qg3 Rf8 29. Nh5 Qc5+ 30. Kh1 Qe5 31. c5 Qxg3 32. Nxg3 Bb7 33. cxd6 Rbd8 34.
Rc7 Bd5 35. Rd1 Ba8 36. d7 a5 37. Rc5 Rf2 38. Kg1 Rxg2+ 39. Kf1 Rxh2 40. Bc4+
Kh8 41. Rc8 Bf6 42. Re1 Kg7 43. Nf5+ Kg6 44. Ne7+ Bxe7 45. Rxe7 1-0

[Event "2MCR_3DE_1L_1S"]
[Site "?"]
[Date "2007.??.??"]
[Round "?"]
[White "Zahour, Jiri"]
[Black "Hybl, Vladislav"]
[Result "1/2-1/2"]
[WhiteElo "2307"]
[BlackElo "2303"]
[Annotator "067"]
[PlyCount "89"]
[EventDate "2007.??.??"]
[EventType "corr"]
[EventRounds "1"]
[SourceDate "2007.01.28"]

1. e4 e6 2. d4 d5 3. Nd2 c5 4. exd5 Qxd5 5. Ngf3 cxd4 6. Bc4 Qd6 7. O-O Nf6 8.
Nb3 Nc6 9. Nbxd4 Nxd4 10. Nxd4 a6 11. Bb3 Qc7 12. Qf3 Bd6 13. h3 O-O 14. Bg5
Nd7 15. c3 b5 16. Rad1 Nc5 17. Qg4 Nxb3 18. Bf6 g6 19. axb3 Re8 20. Rfe1 Bb7
21. Nf3 Be7 22. Bxe7 Bxf3 23. Qxf3 Qxe7 24. Rd3 Rad8 25. Red1 Rxd3 26. Qxd3 e5
27. b4 Qe6 28. Qe4 Kg7 29. Rd5 Re7 30. Rd8 Re8 31. Rd1 f5 32. Qe3 e4 33. Qc5 e3
34. fxe3 Qxe3+ 35. Qxe3 Rxe3 36. Kf2 Re6 37. Rd7+ Kh6 38. h4 Rc6 39. g3 Re6 40.
Ra7 Rd6 41. Ke2 Re6+ 42. Kf3 Rd6 43. g4 fxg4+ 44. Kxg4 Rf6 45. Kg3 1/2-1/2

[Event "2MCR_3DE_1L_3S"]
[Site "?"]
[Date "2007.??.??"]
[Round "?"]
[White "Pytlik, Lesek"]
[Black "Fric, Pavel"]
[Result "1/2-1/2"]
[WhiteElo "2382"]
[BlackElo "2184"]
[Annotator "068"]
[PlyCount "100"]
[EventDate "2007.??.??"]
[EventType "corr"]
[EventRounds "1"]
[SourceDate "2007.01.28"]

1. e4 c5 2. Nf3 Nc6 3. Bb5 e6 4. O-O Nge7 5. c3 a6 6. Ba4 b5 7. Bc2 Bb7 8. d4
cxd4 9. Nxd4 Ng6 10. Be3 Qc7 11. f4 Rc8 12. Ne2 Be7 13. Nd2 O-O 14. Rc1 Na5 15.
Nd4 Bc5 16. Qe2 Bb6 17. f5 exf5 18. Nxf5 d5 19. Bd4 Nc6 20. Bxb6 Qxb6+ 21. Qf2
Qxf2+ 22. Rxf2 Rcd8 23. exd5 Nce7 24. Nxe7+ Nxe7 25. d6 Nc8 26. Nb3 Nxd6 27.
Nc5 Bc8 28. b4 g6 29. a4 Kg7 30. Bb3 Rde8 31. Bd5 f5 32. Bc6 Re7 33. axb5 axb5
34. Ra2 Rf6 35. Ra8 Re3 36. Rb8 f4 37. Bxb5 Nxb5 38. Rxb5 f3 39. gxf3 Kh6 40.
Rb8 Bh3 41. Rd8 Rexf3 42. Rdd1 R6f4 43. Kh1 Bf5 44. Rg1 Rh4 45. Rg2 Rhh3 46.
Rb2 Rxc3 47. Rxc3 Rxc3 48. Kg1 Kg5 49. Nb3 Kf4 50. b5 Ke3 1/2-1/2

[Event "2MCR_3DE_1L_1S"]
[Site "?"]
[Date "2007.??.??"]
[Round "?"]
[White "Hrdy, Roman"]
[Black "Vozda, Jindrich"]
[Result "1/2-1/2"]
[WhiteElo "2284"]
[BlackElo "2469"]
[Annotator "068"]
[PlyCount "79"]
[EventDate "2007.??.??"]
[EventType "corr"]
[EventRounds "1"]
[SourceDate "2007.01.28"]

1. d4 Nf6 2. Bg5 e6 3. Nf3 h6 4. Bh4 b6 5. e3 Bb7 6. Nbd2 d6 7. c3 g5 8. Bg3 g4
9. Ng1 Rg8 10. Qc2 Nbd7 11. Ne2 c5 12. h3 Nh5 13. hxg4 Nxg3 14. Nxg3 Rxg4 15.
Be2 Rg8 16. Bf3 Qc7 17. O-O-O cxd4 18. exd4 O-O-O 19. Kb1 Bxf3 20. Nxf3 Nf6 21.
Qe2 Qb7 22. Rh2 Kb8 23. Nd2 Rg6 24. Nh5 Nxh5 25. Qxh5 Bg7 26. g3 e5 27. Nf3
Qe4+ 28. Kc1 Re8 29. Rh4 Qe2 30. Qf5 Rf6 31. Qd7 Rc8 32. Nd2 exd4 33. Rxd4 d5
34. Qxd5 Rfc6 35. Qe4 Qxf2 36. Rc4 Qf6 37. g4 Qe6 38. Qxe6 fxe6 39. Re4 e5 40.
Rf1 1/2-1/2

[Event "2MCR_3DE_1L_1S"]
[Site "?"]
[Date "2007.??.??"]
[Round "?"]
[White "Zahour, Jiri"]
[Black "Svoboda, Frantisek"]
[Result "1-0"]
[WhiteElo "2307"]
[BlackElo "2388"]
[Annotator "069"]
[PlyCount "115"]
[EventDate "2007.??.??"]
[EventType "corr"]
[EventRounds "1"]
[SourceDate "2007.01.28"]

1. e4 e6 2. d4 d5 3. Nd2 Nf6 4. e5 Nfd7 5. c3 c5 6. Bd3 Nc6 7. Ne2 cxd4 8. cxd4
f6 9. exf6 Nxf6 10. Nf3 Bd6 11. O-O O-O 12. Bf4 Bxf4 13. Nxf4 Ne4 14. Ne2 Rxf3
15. gxf3 Ng5 16. Kh1 e5 17. Qb3 Kh8 18. Bc2 Qf8 19. f4 exf4 20. Qxd5 h6 21. Qc5
Bh3 22. Qxf8+ Rxf8 23. Rfe1 g6 24. Ng1 Nxd4 25. Bxg6 f3 26. Nxh3 Nxh3 27. Re7
Rf6 28. Be4 Nxf2+ 29. Kg1 Ng4 30. Bd3 f2+ 31. Kg2 Rf3 32. Rc1 Ne3+ 33. Kh1 Ndc2
34. Rxb7 a5 35. Be2 Rf4 36. Rc7 Nd4 37. Rc8+ Kg7 38. R1c7+ Rf7 39. Rxf7+ Kxf7
40. Bd3 f1=Q+ 41. Bxf1 Nxf1 42. Rc5 Ne3 43. Rxa5 Nef5 44. a4 Ke6 45. b4 Nd6 46.
Rc5 Ne4 47. Rh5 Nf5 48. a5 Nc3 49. Kg2 Kf6 50. Rh3 Nb5 51. a6 Ke7 52. Kf3 Kd7
53. Rh5 Nfd6 54. Rc5 Na7 55. Kg4 Ne4 56. Ra5 Nd6 57. Kh5 Kc6 58. Kxh6 1-0

[Event "2MCR_3DE_1L_2S"]
[Site "?"]
[Date "2007.??.??"]
[Round "?"]
[White "Glaser, Karel"]
[Black "Alexa, Jaroslav"]
[Result "1-0"]
[WhiteElo "2200"]
[BlackElo "2374"]
[Annotator "073"]
[PlyCount "99"]
[EventDate "2007.??.??"]
[EventType "corr"]
[EventRounds "1"]
[SourceDate "2007.01.28"]

1. e4 c5 2. Nf3 d6 3. d4 cxd4 4. Nxd4 Nf6 5. Nc3 a6 6. Be3 e5 7. Nb3 Be6 8. f3
Be7 9. Qd2 O-O 10. O-O-O Nbd7 11. g4 b5 12. g5 b4 13. Ne2 Ne8 14. Ng3 a5 15.
Kb1 a4 16. Nc1 a3 17. b3 Nc7 18. f4 exf4 19. Bxf4 d5 20. Nf5 Bc5 21. Bd3 Rc8
22. Nd6 Rb8 23. Qg2 Ne5 24. Bxe5 Bxd6 25. Ba1 Qd7 26. h3 Rfe8 27. Ne2 Rbd8 28.
Rdf1 Bc5 29. Qf3 d4 30. Nf4 Rf8 31. Nh5 Ne8 32. Rhg1 g6 33. Nf6+ Nxf6 34. gxf6
Qc7 35. h4 Rd7 36. e5 Rd5 37. Qf4 Rc8 38. Re1 Kf8 39. Bb5 Kg8 40. Bc4 Rd7 41.
Bd3 Qb6 42. h5 Kf8 43. Qh6+ Ke8 44. Qxh7 Kd8 45. hxg6 fxg6 46. Qh4 Kc7 47. Rxg6
Kb8 48. Qf4 Qc7 49. Bc4 Bb6 50. Qe4 1-0

[Event "2MCR_3DE_1L_3S"]
[Site "?"]
[Date "2007.??.??"]
[Round "?"]
[White "Ryska, Jiri"]
[Black "Sykora, Josef"]
[Result "1/2-1/2"]
[WhiteElo "2072"]
[BlackElo "2365"]
[Annotator "069"]
[PlyCount "110"]
[EventDate "2007.??.??"]
[EventType "corr"]
[EventRounds "1"]
[SourceDate "2007.01.28"]

1. c4 e5 2. Nc3 Nf6 3. Nf3 Nc6 4. e3 Bb4 5. Qc2 O-O 6. Nd5 Re8 7. Qf5 d6 8.
Nxf6+ Qxf6 9. Qxf6 gxf6 10. a3 Bc5 11. b4 Bb6 12. d3 a5 13. b5 Nd8 14. Bb2 Ne6
15. O-O-O Nc5 16. Be2 c6 17. d4 Na4 18. Ba1 Bd8 19. g4 cxb5 20. cxb5 e4 21. Nh4
d5 22. Kb1 Be7 23. Ka2 Nb6 24. h3 Bd7 25. Nf5 Bf8 26. Rc1 Rac8 27. Bb2 a4 28.
Ng3 Be7 29. Rxc8 Rxc8 30. Rc1 Kf8 31. Rxc8+ Nxc8 32. Bc3 b6 33. Nh5 Na7 34. Nf4
Nxb5 35. Nxd5 Nxc3+ 36. Nxc3 f5 37. Kb2 Bh4 38. f3 exf3 39. Bxf3 Bg5 40. Nd5
fxg4 41. hxg4 Bd8 42. Nb4 Kg7 43. e4 f6 44. Kc3 Kg6 45. Nd5 Kg5 46. e5 fxe5 47.
dxe5 Bxg4 48. Bxg4 Kxg4 49. Nf6+ Kf5 50. Nxh7 Be7 51. Nf6 Bxa3 52. Nd5 Bc5 53.
Nxb6 Bxb6 54. Kb4 Bc5+ 55. Kxa4 Kxe5 1/2-1/2

[Event "2MCR_3DE_1L_3S"]
[Site "?"]
[Date "2007.??.??"]
[Round "?"]
[White "Schwarz, Jan"]
[Black "Cakl, Zdenek"]
[Result "1-0"]
[WhiteElo "2266"]
[BlackElo "2137"]
[Annotator "070"]
[PlyCount "99"]
[EventDate "2007.??.??"]
[EventType "corr"]
[EventRounds "1"]
[SourceDate "2007.01.28"]

1. d4 d5 2. c4 e6 3. Nf3 Nf6 4. Nc3 Be7 5. Bg5 h6 6. Bh4 O-O 7. e3 b6 8. Bd3
Bb7 9. O-O Nbd7 10. Qe2 c5 11. Bg3 Ne4 12. Bxe4 dxe4 13. Ne5 Nxe5 14. Bxe5 f6
15. Bf4 Qe8 16. a4 g5 17. Bc7 Rc8 18. Bg3 f5 19. Be5 Qg6 20. a5 bxa5 21. Rxa5
a6 22. d5 f4 23. exf4 gxf4 24. Qxe4 Qxe4 25. Nxe4 exd5 26. cxd5 Bxd5 27. f3 Rc6
28. Rd1 Bxe4 29. fxe4 f3 30. g3 c4 31. Bc3 Bd8 32. Rh5 Re6 33. Kf1 Bg5 34. Rd4
Kh7 35. e5 Kg6 36. g4 Rf7 37. Rxc4 Bc1 38. Rd4 Rb7 39. Rd6 Rxd6 40. exd6 Bxb2
41. Bxb2 Rxb2 42. Rd5 Rb8 43. Kf2 Kf7 44. Rh5 Rg8 45. Kxf3 Rg6 46. Rd5 Ke8 47.
d7+ Kd8 48. h4 a5 49. g5 hxg5 50. hxg5 1-0

[Event "2MCR_3DE_1L_3S"]
[Site "?"]
[Date "2007.??.??"]
[Round "?"]
[White "Fric, Pavel"]
[Black "Janocko, Petr"]
[Result "1/2-1/2"]
[WhiteElo "2184"]
[BlackElo "2177"]
[Annotator "071"]
[PlyCount "105"]
[EventDate "2007.??.??"]
[EventType "corr"]
[EventRounds "1"]
[SourceDate "2007.01.28"]

1. e4 c5 2. Nf3 Nc6 3. d4 cxd4 4. Nxd4 Nf6 5. Nc3 e5 6. Ndb5 d6 7. Bg5 a6 8.
Na3 b5 9. Bxf6 gxf6 10. Nd5 f5 11. Bd3 Be6 12. O-O Bxd5 13. exd5 Ne7 14. c3 Bg7
15. Qh5 e4 16. Bc2 Qc8 17. Rae1 O-O 18. Kh1 Rb8 19. f3 b4 20. Nb1 bxc3 21. bxc3
Bxc3 22. Re2 Be5 23. fxe4 Rb2 24. Bb3 Rxe2 25. Qxe2 fxe4 26. Qxe4 Qc5 27. Nd2
Ng6 28. Nc4 a5 29. Nxe5 Nxe5 30. h3 Qc3 31. Qf4 Rb8 32. Rc1 Qb4 33. Qf2 Qb7 34.
Qg3+ Kh8 35. Qg5 Rc8 36. Rb1 Qb6 37. Qf5 Qc7 38. Kh2 Kg7 39. Rf1 Rb8 40. Rf2
Qe7 41. g3 Rb7 42. Kg2 Rb4 43. Bc2 Ng6 44. Qf3 Kg8 45. Kg1 Kf8 46. a3 Rc4 47.
Kh2 Ne5 48. Qh5 Qa7 49. Re2 Qc5 50. Qh6+ Ke7 51. Qxh7 Qxa3 52. Be4 Qc5 53. h4
1/2-1/2

[Event "2MCR_3DE_1L_3S"]
[Site "?"]
[Date "2007.??.??"]
[Round "?"]
[White "Riha, Jan"]
[Black "Mezera, Lukas"]
[Result "1/2-1/2"]
[WhiteElo "2277"]
[BlackElo "2285"]
[Annotator "072"]
[PlyCount "67"]
[EventDate "2007.??.??"]
[EventType "corr"]
[EventRounds "1"]
[SourceDate "2007.01.28"]

1. e4 c5 2. Nf3 d6 3. d4 cxd4 4. Nxd4 Nf6 5. Nc3 g6 6. Be3 Bg7 7. f3 O-O 8. Qd2
Nc6 9. Bc4 Bd7 10. O-O-O Rc8 11. Bb3 Ne5 12. Kb1 Nc4 13. Bxc4 Rxc4 14. g4 a6
15. h4 h5 16. gxh5 Nxh5 17. Nde2 b5 18. Bh6 Be6 19. Bxg7 Kxg7 20. Nd4 Qd7 21.
Rdg1 Rh8 22. Qe3 Kf8 23. Rg5 b4 24. Nce2 Rc8 25. b3 Bh3 26. Qd3 Ra8 27. Qd2 e5
28. f4 Nf6 29. fxe5 Nxe4 30. Qxb4 Nxg5 31. hxg5 a5 32. Qxd6+ Qxd6 33. exd6 Kg7
34. c4 1/2-1/2

[Event "2MCR_3DE_1L_3S"]
[Site "?"]
[Date "2007.??.??"]
[Round "?"]
[White "Fric, Pavel"]
[Black "Riha, Jan"]
[Result "1-0"]
[WhiteElo "2184"]
[BlackElo "2277"]
[Annotator "073"]
[PlyCount "106"]
[EventDate "2007.??.??"]
[EventType "corr"]
[EventRounds "1"]
[SourceDate "2007.01.28"]

1. d4 Nf6 2. Nc3 d5 3. Bg5 Nbd7 4. Nf3 e6 5. e4 h6 6. Bxf6 Nxf6 7. Qe2 Be7 8.
e5 Nd7 9. O-O-O c5 10. dxc5 Nxc5 11. h4 Bd7 12. Qe3 Rc8 13. g4 a6 14. Kb1 b5
15. Ne2 b4 16. Bg2 a5 17. g5 a4 18. Nfd4 a3 19. b3 h5 20. g6 fxg6 21. Nf4 Rh6
22. Qg3 Qc7 23. Nxg6 Bd8 24. Rhg1 Rb8 25. Bf3 Na4 26. Rd3 Nc3+ 27. Ka1 Bc8 28.
Nf4 Qxe5 29. Nc6 Qf6 30. Bxh5+ Rxh5 31. Nxh5 Ne2+ 32. Nxf6+ Bxf6+ 33. Kb1 Nxg3
34. Nxb8 Ne2 35. Rg6 e5 36. Nc6 e4 37. Re3 Nc3+ 38. Ka1 Bxh4 39. Nxb4 d4 40.
Rxc3 dxc3 41. Rxg7 Bxf2 42. Nd5 Kf8 43. Re7 Bf5 44. Re5 Bg6 45. Ne7 Bh7 46. Nf5
Kf7 47. Rxe4 Kf6 48. Re2 Bc5 49. Ng3 Bd4 50. Kb1 Be5 51. Re3 Bd4 52. Rf3+ Ke5
53. Ne2 Bc5 1-0

[Event "2MCR_3DE_1L_2S"]
[Site "?"]
[Date "2007.??.??"]
[Round "?"]
[White "Bares, Jiri"]
[Black "Mikoska, Josef"]
[Result "1/2-1/2"]
[WhiteElo "2214"]
[BlackElo "2169"]
[Annotator "074"]
[PlyCount "90"]
[EventDate "2007.??.??"]
[EventType "corr"]
[EventRounds "1"]
[SourceDate "2007.01.28"]

1. d4 Nf6 2. c4 g6 3. Nc3 d5 4. cxd5 Nxd5 5. e4 Nxc3 6. bxc3 Bg7 7. Bc4 c5 8.
Ne2 Nc6 9. Be3 cxd4 10. cxd4 Qa5+ 11. Bd2 Qd8 12. d5 Ne5 13. Bc3 O-O 14. Bb3
Qb6 15. O-O Bd7 16. Qd2 Bb5 17. Rab1 Qa6 18. Rfe1 Rac8 19. Ba1 Rc7 20. Nd4 Bd7
21. Qg5 Qd6 22. f4 Nd3 23. e5 Qa6 24. Rf1 Ba4 25. Bxa4 Qxa4 26. Qg3 Qc4 27. a4
Nc5 28. d6 exd6 29. Nf5 d5 30. Nxg7 Kxg7 31. Rbc1 Qb4 32. f5 Rc6 33. Rcd1 Nb3
34. Rxd5 Nxa1 35. f6+ Kh8 36. Rxa1 Rc5 37. Rd3 Qa5 38. Re1 Rc4 39. Qe3 Rxa4 40.
h3 Qb6 41. Qxb6 axb6 42. Rd7 h5 43. Rxb7 g5 44. Re3 Rf4 45. Rxb6 Ra8 1/2-1/2

[Event "2MCR_3DE_1L_2S"]
[Site "?"]
[Date "2007.??.??"]
[Round "?"]
[White "Mikoska, Josef"]
[Black "Canibal, Jaromir"]
[Result "1/2-1/2"]
[WhiteElo "2169"]
[BlackElo "2255"]
[Annotator "075"]
[PlyCount "79"]
[EventDate "2007.??.??"]
[EventType "corr"]
[EventRounds "1"]
[SourceDate "2007.01.28"]

1. e4 e5 2. Nf3 Nf6 3. d4 Nxe4 4. Bd3 d5 5. Nxe5 Nd7 6. Nxd7 Bxd7 7. O-O Qh4 8.
c4 O-O-O 9. c5 g5 10. Nc3 Bg7 11. g3 Qh3 12. Nxe4 dxe4 13. Bxe4 Bb5 14. Bg2 Qf5
15. Be3 Bxf1 16. Bxf1 c6 17. Qa4 Kb8 18. Rd1 Rd7 19. Rd3 Rhd8 20. Ra3 a6 21.
Rb3 Bxd4 22. Bxd4 Qe4 23. Qxa6 Qxd4 24. Qb6 Qe4 25. Re3 Qb1 26. a4 f5 27. a5 f4
28. Re5 Rf8 29. a6 fxg3 30. hxg3 Qg6 31. Qa5 h5 32. axb7 Rxb7 33. Qc3 h4 34. g4
Rd8 35. b4 Qf6 36. b5 h3 37. Qg3 Qf4 38. Qxf4 gxf4 39. b6 Rbd7 40. Ba6 1/2-1/2

[Event "2MCR_3DE_1L_1S"]
[Site "?"]
[Date "2007.??.??"]
[Round "?"]
[White "Ryvova, Anna"]
[Black "Jandovsky, Viktor"]
[Result "1/2-1/2"]
[WhiteElo "2254"]
[BlackElo "2275"]
[Annotator "070"]
[PlyCount "87"]
[EventDate "2007.??.??"]
[EventType "corr"]
[EventRounds "1"]
[SourceDate "2007.01.28"]

1. d4 Nf6 2. c4 g6 3. Nc3 Bg7 4. e4 d6 5. Nf3 O-O 6. Be2 e5 7. O-O Nc6 8. d5
Ne7 9. b4 Nh5 10. Re1 f5 11. Ng5 Nf6 12. Bf3 c6 13. Be3 h6 14. Ne6 Bxe6 15.
dxe6 fxe4 16. Nxe4 Nxe4 17. Bxe4 d5 18. cxd5 cxd5 19. Bc2 b6 20. Qg4 e4 21.
Rad1 Qc7 22. Bb3 Rf5 23. Re2 Rd8 24. Rc2 Qd6 25. Rc4 h5 26. Qe2 Qb8 27. Qd2
Rdf8 28. Rc2 Qd6 29. b5 Be5 30. g3 Rd8 31. Qe2 Kg7 32. Rc4 Qb8 33. Ra4 h4 34.
Kg2 hxg3 35. hxg3 Rh5 36. Qg4 Qc7 37. Rd2 Nf5 38. Bg5 Rdh8 39. Rxd5 Rh2+ 40.
Kf1 Nxg3+ 41. Qxg3 Bxg3 42. Rd7+ Qxd7 43. exd7 Rxf2+ 44. Kg1 1/2-1/2

[Event "2MCR_3DE_1L_3S"]
[Site "?"]
[Date "2007.??.??"]
[Round "?"]
[White "Janocko, Petr"]
[Black "Riha, Jan"]
[Result "1/2-1/2"]
[WhiteElo "2177"]
[BlackElo "2277"]
[Annotator "074"]
[PlyCount "80"]
[EventDate "2007.??.??"]
[EventType "corr"]
[EventRounds "1"]
[SourceDate "2007.01.28"]

1. e4 e5 2. Nf3 Nf6 3. Nxe5 d6 4. Nf3 Nxe4 5. Nc3 Nxc3 6. dxc3 Be7 7. Be3 Nc6
8. Qd2 O-O 9. O-O-O Ne5 10. Nxe5 dxe5 11. Bc4 Bf5 12. Qe2 Qc8 13. h3 c6 14. g4
Be6 15. f4 b5 16. Bb3 a5 17. f5 Bxf5 18. gxf5 a4 19. Qg4 axb3 20. Bh6 g6 21.
cxb3 Re8 22. a3 c5 23. Rhf1 Qa6 24. Qf3 Qf6 25. Be3 Qxf5 26. Qd5 Qe6 27. Qxe6
fxe6 28. Rd7 b4 29. cxb4 cxb4 30. a4 Rf8 31. Rxf8+ Kxf8 32. Bb6 e4 33. Kd2 Bg5+
34. Ke2 Rc8 35. Rc7 Rxc7 36. Bxc7 Ke8 37. Ba5 Be7 38. Ke3 Kd7 39. Kxe4 Bc5 40.
Kd3 g5 1/2-1/2